[Event "Regionalliga NW9899"]
[Site "Bayern"]
[Date "1998.??.??"]
[Round "?"]
[White "Sickenberger, Manfred"]
[Black "Lang, Stefan2"]
[Result "1/2-1/2"]
[WhiteElo "2070"]
[BlackElo "2100"]

1.Nf3 d5 2.g3 Nf6 3.Bg2 c5 4.d3 Nc6 5.Nbd2 g6 6.O-O Bg7 7.e4 e6 8.exd5 Nxd5
9.Ne4 b6 10.Bg5 f6 11.Bd2 O-O 12.Re1 e5 13.a3 Be6 14.Qc1 Qd7 15.Bh6 Rac8
16.Bxg7 Kxg7 17.c4 Nde7 18.Qc3 Nf5 19.b4 Nfd4 20.bxc5 Nxf3+ 21.Bxf3 Nd4 22.Bg2 bxc5
23.Rab1 Rc7 24.Qa5 Rfc8 25.Rb2 Bh3 26.Bh1 Qg4 27.Re3 Qd1+ 28.Qe1  1/2-1/2

[Event "Regionalliga NW9899"]
[Site "Bayern"]
[Date "1998.??.??"]
[Round "?"]
[White "Sickenberger, Manfred"]
[Black "Gutzeit, Kurt"]
[Result "1-0"]
[WhiteElo "2070"]
[BlackElo "2020"]

1.Nf3 d5 2.g3 Nf6 3.Bg2 g6 4.b3 Bg7 5.Bb2 c5 6.d3 Nc6 7.Nbd2 a5 8.e4 O-O
9.a4 d4 10.Nc4 Nd7 11.O-O Nde5 12.Nfxe5 Nxe5 13.Nxe5 Bxe5 14.f4 Bg7 15.f5 Bd7
16.Bc1 gxf5 17.exf5 Qc8 18.Qh5 Bc6 19.Rf4 Bf6 20.Rg4+ Kh8 21.Bg5 Bxg5 22.Qxg5 Rg8
23.Qxg8+ Qxg8 24.Rxg8+ Kxg8 25.Bxc6 bxc6 26.Re1 Kg7 27.Re5 c4 28.dxc4 Kf6
29.Rc5 Rb8 30.Kf2 d3 31.cxd3 Rxb3 32.Ke3 Rb2 33.Rxc6+ Kxf5 34.Rh6 e5 35.Rxh7 Kg6
36.Rh4 f5 37.c5 Rb3 38.Kd2 Kg5 39.c6 Rb8 40.Rc4 Kf6 41.c7 Rc8 42.Ke3 Ke6
43.d4 e4 44.Rc5  1-0

[Event "Berliner Sommer 16th"]
[Site "Berlin"]
[Date "1998.??.??"]
[Round "5"]
[White "Sakadin, Alexander"]
[Black "Tuchenhagen, Axel"]
[Result "1-0"]
[WhiteElo "2385"]
[BlackElo "2180"]

1.Nf3 d5 2.g3 Nc6 3.d4 Bg4 4.Bg2 h5 5.h3 Bf5 6.c4 e6 7.O-O Be7 8.Nc3 h4 9.g4 Bxg4
10.hxg4 h3 11.Bh1 h2+ 12.Nxh2 Bd6 13.f4 Qh4 14.Rf2 dxc4 15.Bxc6+ bxc6 16.e4 Rd8
17.Qf3 f5 18.exf5 exf5 19.Qxc6+ Kf8 20.Qg2 fxg4 21.Nxg4 Re8 22.Ne5 Re6 23.Qa8+  1-0

[Event "Berliner Sommer 16th"]
[Site "Berlin"]
[Date "1998.??.??"]
[Round "6"]
[White "Chuchelov, Vladimir"]
[Black "Muir, Andrew J"]
[Result "1-0"]
[WhiteElo "2540"]
[BlackElo "2305"]

1.Nf3 d5 2.g3 Nf6 3.Bg2 e6 4.O-O Be7 5.d3 O-O 6.Nbd2 c5 7.e4 Nc6 8.Re1 b5
9.e5 Nd7 10.Nf1 a5 11.h4 b4 12.N1h2 Ba6 13.Ng4 a4 14.Bg5 Nd4 15.Qd2 Nxf3+
16.Bxf3 c4 17.d4 c3 18.bxc3 bxc3 19.Qe3 Rb8 20.Rab1 Rb2 21.Bxe7 Qxe7 22.Qxc3 Rxa2
23.Ne3 Nb8 24.Rb6 a3 25.Reb1 Qa7 26.Qb3 Rb2 27.Rxb2 axb2 28.Qxb2 Rc8 29.Bg4 Rd8
30.Qb4 Qc7 31.c3 g6 32.h5 Kg7 33.Kg2 Nc6 34.Rxc6 Qxc6 35.Qe7 Re8 36.h6+ Kxh6
37.Qf6 Qd7 38.Bf3 Qe7 39.Ng4+ Kh5 40.Qg7  1-0

[Event "Berliner Sommer 16th"]
[Site "Berlin"]
[Date "1998.??.??"]
[Round "7"]
[White "Espig, Lutz"]
[Black "Savchenko, Stanislav"]
[Result "1/2-1/2"]
[WhiteElo "2440"]
[BlackElo "2555"]

1.Nf3 d5 2.g3 c6 3.Bg2 Bg4 4.b3 Nd7 5.Bb2 Ngf6 6.d3 e6 7.Nbd2 Bd6 8.O-O O-O
9.Qe1 Re8 10.e4 e5  1/2-1/2

[Event "Berliner Sommer 16th"]
[Site "Berlin"]
[Date "1998.??.??"]
[Round "8"]
[White "Hickl, Joerg"]
[Black "Bedgarani, Ilgar"]
[Result "1/2-1/2"]
[WhiteElo "2540"]
[BlackElo "2385"]

1.g3 d5 2.Nf3 Nf6 3.Bg2 Bf5 4.b3 e6 5.Bb2 Nbd7 6.d3 h6 7.Nbd2 Bh7 8.O-O Bc5
9.a3 a5 10.c4 c6 11.Bc3 O-O 12.b4 axb4 13.axb4 Bd6 14.Re1 e5 15.c5 Bc7 16.e4 Re8
17.Nh4 b6 18.cxb6 Bxb6 19.Qe2 Rb8 20.Nb3 Bc7 21.Rec1 Rb6 22.Bd2 Bd6 23.Na5 Nb8
24.Rab1 Qd7 25.Rb3 g5 26.Nf3 dxe4 27.dxe4 Nxe4 28.Be1 Bc7 29.h4 g4 30.Nh2 Nf6
31.Qe3 Kg7 32.Bd2 Ng8 33.Qc3 Qd4 34.Qxd4 exd4 35.Nxc6 Re2 36.Nf1 Nxc6 37.Rxc6 Rxc6
38.Bxc6 Ne7 39.Bb5 Re5 40.Bc4 Nd5 41.Ra3 Nb6 42.Bb3 Bd8 43.Ra1 Bd3 44.Rc1 Bf6
45.Rc6 Nd7 46.Rd6 Re7 47.Bd5 h5 48.f3 gxf3 49.Bxf3 Ne5 50.Nh2 Ra7 51.Bd5 Nc4
52.Bxc4 Bxc4 53.Nf3 Ra1+ 54.Kf2 Ra2 55.Ke1 Ra1+ 56.Kf2 Ra2 57.Ke1  1/2-1/2

[Event "Berliner Sommer 16th"]
[Site "Berlin"]
[Date "1998.??.??"]
[Round "9"]
[White "Espig, Lutz"]
[Black "Parker, Jonathan"]
[Result "0-1"]
[WhiteElo "2440"]
[BlackElo "2510"]

1.Nf3 d5 2.g3 Bg4 3.Bg2 Nd7 4.d3 c6 5.b3 e6 6.Bb2 f5 7.Nbd2 Ngf6 8.O-O Bc5
9.d4 Bd6 10.Ne5 O-O 11.Nxg4 fxg4 12.e4 e5 13.exd5 cxd5 14.c4 e4 15.cxd5 Re8
16.Nc4 Nb6 17.Ne5 Qc8 18.Qe2 Qf5 19.Rfe1 Rac8 20.Rac1 Rxc1 21.Rxc1 h5 22.Re1 Rf8
23.Qc2 Nbxd5 24.Nc4 Bb4 25.Re2 b5 26.Ne3 Nxe3 27.Rxe3 h4 28.gxh4 Bd6 29.Bxe4 Qf4
30.Bg2 Qxh2+ 31.Kf1 Nh5 32.Qe4 Qxh4 33.Ke1 Qxf2+ 34.Kd1 Nf4  0-1

[Event "Besancon op"]
[Site "Besancon"]
[Date "1998.??.??"]
[Round "?"]
[White "Velikov, Petar"]
[Black "Sermier, Alain"]
[Result "1-0"]
[WhiteElo "2475"]
[BlackElo "2175"]

1.Nf3 d5 2.g3 c6 3.Bg2 Bf5 4.O-O e6 5.d3 Nf6 6.c4 Nbd7 7.cxd5 cxd5 8.Nc3 Be7
9.Nd4 Bg6 10.e4 Nb6 11.a4 O-O 12.a5 dxe4 13.dxe4 Nc4 14.a6 bxa6 15.Nc6 Qc7
16.Rxa6 Bc5 17.Qa4 Nb6 18.Qb5 Nbd7 19.e5 Rab8 20.Qc4 Rb4 21.Qe2 Bh5 22.Qe1 Ng4
23.Nxb4 Bxb4 24.Nd5 exd5 25.Qxb4 Ngxe5 26.Qd6 Qc2 27.Rxa7  1-0

[Event "Besancon op"]
[Site "Besancon"]
[Date "1998.??.??"]
[Round "?"]
[White "Velikov, Petar"]
[Black "Gesing, Oliver"]
[Result "1-0"]
[WhiteElo "2475"]
[BlackElo "2180"]

1.Nf3 d5 2.g3 Nf6 3.Bg2 g6 4.O-O Bg7 5.d3 O-O 6.c3 c5 7.a3 Nc6 8.Nbd2 Bg4
9.b4 Nh5 10.bxc5 Bxc3 11.Rb1 Rb8 12.h3 Be6 13.Nb3 Qd7 14.Ng5 Bg7 15.Nxe6 fxe6
16.Bb2 e5 17.Qd2 e6 18.Bc3 Qe7 19.Qb2 b6 20.e4 d4 21.Bd2 b5 22.Na5 Rfc8 23.Qa2 Nxa5
24.Bxa5 Bh6 25.Bb4 Rc6 26.a4 Ra6 27.c6 Qf6 28.Bd6 Rc8 29.Rxb5 Raxc6 30.Bxe5 Qd8
31.Bf3 Nf6 32.Bd1 Bg7 33.Bb3 Qd7 34.Rb4 Nh5 35.Rxd4 Qe7 36.Bxg7 Nxg7 37.Rc4 Qg5
38.Rxc6 Rxc6 39.Bc4 h5 40.h4 Qg4 41.Kg2  1-0

[Event "Brasilia op"]
[Site "Brasilia"]
[Date "1998.??.??"]
[Round "7"]
[White "Sunye Neto, Jaime"]
[Black "Matsuura, Everaldo"]
[Result "1-0"]
[WhiteElo "2515"]
[BlackElo "2405"]

1.Nf3 d5 2.g3 Nf6 3.Bg2 g6 4.c4 c6 5.b3 Bg7 6.Bb2 O-O 7.O-O a5 8.Na3 Na6
9.d3 a4 10.Nc2 Qb6 11.Rb1 axb3 12.axb3 Rd8 13.Bc3 Bg4 14.Qe1 Qc7 15.h3 Bxf3
16.Bxf3 e5 17.Bg2 d4 18.Ba5 b6 19.Bd2 Rac8 20.b4 b5 21.Na3 Qd7 22.Ra1 Nc7
23.Qb1 Ne6 24.Rc1 Ne8 25.Qb3 Nd6 26.Ra2 c5 27.Nxb5 Nxb5 28.cxb5 Qxb5 29.Bd5 Re8
30.Ra5 Qd7 31.bxc5 Bf8 32.c6 Qe7 33.Rb5 Nc7 34.Rb7 Qf6 35.Bf3 h5 36.h4 Bd6
37.Bg2 Ra8 38.Bb4 Qe7 39.Bxd6 Qxd6 40.Rb6 Re7 41.Rb8+ Rxb8 42.Qxb8+ Kg7 43.Ra1 Re8
44.Qb6 Nd5 45.Bxd5 Qxd5 46.c7 e4 47.Rc1 exd3 48.exd3 Qd7 49.Qc5 Rc8 50.Qe5+ Kg8
51.Rc4 Kh7 52.Qf4 Kg8  1-0

[Event "Cupa Dinamo"]
[Site "Brasov"]
[Date "1998.??.??"]
[Round "7"]
[White "Badea, Bela"]
[Black "Negulescu, Adrian"]
[Result "1/2-1/2"]
[WhiteElo "2545"]
[BlackElo "2445"]

1.Nf3 d5 2.g3 c6 3.Bg2 Bg4 4.b3 Nd7 5.Bb2 Ngf6 6.O-O g6 7.c4 Bg7 8.d4 Bxf3
9.Bxf3 O-O 10.Nd2 Re8 11.Bg2 e5 12.dxe5 Nxe5 13.Qc2 dxc4 14.Nxc4 Nxc4 15.Qxc4 Qd2
16.Bxf6 Bxf6 17.Rad1 Qxe2 18.Rd7 Qxc4 19.bxc4 Re7 20.Rxe7 Bxe7 21.Rb1 Rd8
22.Rxb7 Rd1+ 23.Bf1 Bc5 24.Rc7 Rd2 25.Rxc6 Bxf2+ 26.Kh1 Rxa2 27.Bd3 a5 28.c5 Rd2
29.Be4 f5 30.Bf3 g5 31.g4 h5 32.h3 fxg4 33.hxg4 h4 34.Rg6+ Kf7 35.Rxg5 Bg3
36.c6 Rc2 37.Rxa5 h3 38.Bd5+  1/2-1/2

[Event "Cupa Dinamo"]
[Site "Brasov"]
[Date "1998.??.??"]
[Round "10"]
[White "Badea, Bela"]
[Black "Vadasz, Laszlo"]
[Result "1-0"]
[WhiteElo "2545"]
[BlackElo "2380"]

1.Nf3 d5 2.g3 c6 3.Bg2 Bg4 4.c4 e6 5.O-O Nf6 6.b3 Be7 7.Bb2 O-O 8.d4 Nbd7
9.Nc3 a5 10.Rc1 h6 11.Nd2 Bh5 12.h3 Bg6 13.Re1 Qb6 14.e3 Bd3 15.e4 dxe4 16.Ndxe4 Bxe4
17.Nxe4 Nxe4 18.Bxe4 Rfd8 19.Bb1 Nf8 20.Rc2 a4 21.Re3 axb3 22.Rxb3 Qa7 23.Rd2 Bg5
24.Rdd3 Bf6 25.d5 Bxb2 26.Rxb2 cxd5 27.cxd5 exd5 28.Rxd5 Rxd5 29.Qxd5 b6
30.Bd3 Rc8 31.Kg2 Qc7 32.Be4 Ne6 33.Rc2 Nc5 34.Qf5 g6 35.Qf3 Qe7 36.Bd5 Kg7
37.Rc4 Rf8 38.a4 Rd8 39.a5 Qd7 40.Qc3+ Kh7 41.Bf3 Qf5 42.Rf4 Qe6 43.axb6  1-0

[Event "Bratto op"]
[Site "Bratto"]
[Date "1998.??.??"]
[Round "?"]
[White "Satta, Vladimiro"]
[Black "Efimov, Igor"]
[Result "0-1"]
[WhiteElo "2230"]
[BlackElo "2525"]

1.g3 d5 2.Nf3 c5 3.Bg2 f6 4.c4 d4 5.e3 e5 6.exd4 cxd4 7.d3 Nc6 8.O-O Nge7
9.Na3 Ng6 10.Nc2 a5 11.Rb1 Bf5 12.a3 a4 13.b4 axb3 14.Rxb3 Qd7 15.Re1 Be7
16.Bd2 O-O 17.Qb1 Ra7 18.Qb2 Re8 19.Rb1 Bc5 20.Nfe1 b6 21.Rb5 e4 22.Nb4 Nce5
23.Nd5 e3 24.fxe3 dxe3 25.Bc3 Nxd3 26.Nxd3 Bxd3 27.Re1 e2+ 28.Kh1 Bxc4 29.Rxc5 bxc5
30.Nb6 Qd3 31.Nxc4 Qxc4 32.Qd2 Kh8 33.Bf3 Rxa3 34.Rxe2 Rf8 35.Bb2 Rxf3  0-1

[Event "Bratto op"]
[Site "Bratto"]
[Date "1998.??.??"]
[Round "?"]
[White "Moncelli, Giorgio"]
[Black "Ori, Marco"]
[Result "1/2-1/2"]
[WhiteElo "2170"]
[BlackElo "2090"]

1.Nf3 d5 2.g3 Nf6 3.Bg2 Bf5 4.O-O e6 5.d3 h6 6.Nbd2 Be7 7.b3 O-O 8.Bb2 Nbd7
9.Qe1 c6 10.e4 dxe4 11.dxe4 Bh7 12.Qe2 Qc7 13.a4 a5 14.Ne1 e5 15.Nc4 Rfe8
16.Nd3 Bf8 17.Bc3 Bg6 18.Rfe1 Nh7 19.Qd2 b6 20.Qe2 f6 21.Bd2 Bf7 22.Ne3 Nc5
23.Nxc5 Bxc5 24.Nf5 Kh8 25.Be3 Bxe3 26.Qxe3 Rad8 27.Rad1 Nf8 28.Qc3 Ne6 29.Bf1 Ng5
30.Rxd8 Rxd8 31.h4 Ne6 32.Bc4 Nc5 33.Bxf7 Qxf7 34.Qe3 Kh7 35.Kg2 Qd7 36.Re2 Qe6  1/2-1/2

[Event "Bratto op"]
[Site "Bratto"]
[Date "1998.??.??"]
[Round "?"]
[White "Profumo, Alberto"]
[Black "Mione, Dario"]
[Result "1/2-1/2"]
[WhiteElo "2270"]
[BlackElo "2300"]

1.Nf3 d5 2.g3 Nf6 3.Bg2 c6 4.b3 Bf5 5.Bb2 Nbd7 6.d3 e6 7.Nbd2 h6 8.O-O Qb6
9.c4 Bh7 10.cxd5 cxd5 11.e4 Bb4 12.exd5 Bxd3 13.Nc4 Bxc4 14.bxc4 O-O 15.Rb1 Qa5
16.dxe6 fxe6 17.Nd4 e5 18.a3 exd4 19.axb4 Qxb4 20.Bxd4 Qxc4 21.Rxb7 Rad8
22.Qa1 Nc5 23.Bxf6 Rxf6 24.Rc7 Rf7 25.Rc1 Qxc1+ 26.Qxc1 Rxc7 27.Bf1 Kh8 28.Qa3 Ne4
29.Be2 Nc3 30.Bg4  1/2-1/2

[Event "Bucharest Cup IM"]
[Site "Bucharest"]
[Date "1998.??.??"]
[Round "?"]
[White "Istrate, Bogdan"]
[Black "Slovineanu, Viceslav"]
[Result "0-1"]
[WhiteElo "2350"]
[BlackElo "2440"]

1.Nf3 d5 2.g3 Bg4 3.Bg2 Nd7 4.c4 e6 5.cxd5 exd5 6.O-O Ngf6 7.d3 Be7 8.Qc2 O-O
9.Nbd2 Re8 10.b3 c6 11.Bb2 Bc5 12.e4 dxe4 13.dxe4 Qe7 14.Nh4 Ba3 15.h3 Bxb2
16.Qxb2 Be2 17.Rfe1 Ba6 18.Nf5 Qe5 19.Qc2 g6 20.f4 Qc7 21.Ne3 Nh5 22.Ndf1 f6
23.Bf3 Ng7 24.Rad1 h5 25.e5 fxe5 26.Qxg6 Nf8 27.Qc2 exf4 28.Nd5 Qf7 29.Nxf4 Nfe6
30.Nxe6 Rxe6 31.Rxe6 Qxe6 32.Kh2 Re8 33.Qd2 Qe5 34.Kg2 Ne6 35.Qd6 Qf6 36.Ne3 Rf8
37.Kh2 Rd8 38.Qxe6+ Qxe6 39.Rxd8+ Kg7 40.Ng2 Qf5 41.Nf4 h4 42.Rd2 Qe5 43.Kg2 Qe1
44.Rf2 Bf1+ 45.Rxf1 Qxg3+ 46.Kh1 Qxf4 47.Kg1 Qe3+ 48.Kg2 Qe5 49.Bg4 b5 50.Rf5 Qe4+
51.Rf3 c5 52.Bf5 Qe5 53.Rf2 c4 54.bxc4 bxc4 55.Kf1 c3 56.Bc2 Qe3 57.Bf5 Qc1+
58.Kg2 Kf6 59.Bc2+ Ke5 60.Rf5+  0-1

[Event "Bucharest Cup IM"]
[Site "Bucharest"]
[Date "1998.??.??"]
[Round "?"]
[White "Istrate, Bogdan"]
[Black "Tugui, Adrian"]
[Result "1/2-1/2"]
[WhiteElo "2350"]
[BlackElo "2295"]

1.Nf3 d5 2.g3 c5 3.Bg2 f6 4.d4 cxd4 5.Nxd4 e5 6.Nb3 Ne7 7.O-O Nbc6 8.Na3 b6
9.f4 e4 10.c4 f5 11.Nb5 Be6 12.g4 g6 13.gxf5 gxf5 14.e3 Bg7 15.N3d4 Nxd4
16.Nxd4 Qd7 17.cxd5 Bxd5 18.b3 Nc6 19.Bb2 Bf7 20.Nxc6 Bxb2 21.Qxd7+ Kxd7
22.Rab1 Kxc6 23.Rxb2 Rhd8 24.Rc2+ Kb7 25.Rfc1 Rac8 26.Rxc8 Rxc8 27.Rxc8 Kxc8
28.Bh3 Bg6 29.Kf2 Kd7 30.Ke1 Kc6 31.Kd2 Kc5 32.Kc3 a5 33.a3 h6 34.Bf1 Bf7
35.b4+ axb4+ 36.axb4+ Kd6 37.Kd4 Be6 38.Ba6 Bd7 39.Bc4 Bc8 40.Bb5 Be6 41.Bc4 Bd7
42.Kc3 Bc8 43.Bg8 Ba6 44.Kd4 Bc8 45.Bh7 Be6 46.Bg6 Bc8 47.Bf7 Ba6 48.Be8 Bc8
49.Kc4 Ba6+ 50.Bb5 Bc8 51.Kd4 Bb7  1/2-1/2

[Event "Bucharest Cup IM"]
[Site "Bucharest"]
[Date "1998.??.??"]
[Round "?"]
[White "Grigore, Nicolae Petre"]
[Black "Slovineanu, Viceslav"]
[Result "1-0"]
[WhiteElo "2265"]
[BlackElo "2440"]

1.Nf3 d5 2.g3 c6 3.Bg2 Nf6 4.O-O Bg4 5.d3 Nbd7 6.Nbd2 e5 7.e4 Bd6 8.Re1 O-O
9.b3 Re8 10.Bb2 b5 11.a4 d4 12.h3 Bh5 13.c3 dxc3 14.Bxc3 Bg6 15.d4 Qe7 16.axb5 cxb5
17.Ra6 Nb8 18.Rxd6 Qxd6 19.Nxe5 Qc7 20.Bb2 Nfd7 21.Nxg6 hxg6 22.e5 Nc6 23.Qc2 Rac8
24.Rc1 Red8 25.Qxc6 Qxc6 26.Rxc6 Nxe5 27.Rxc8 Rxc8 28.dxe5 Rc2 29.Bd4 a5
30.Ne4 a4 31.bxa4 bxa4 32.Nc3 a3 33.Bd5 Rd2 34.Bc5 Rd3 35.Bxa3 Rxc3 36.Bb4  1-0

[Event "Bucharest Fest GM"]
[Site "Bucharest"]
[Date "1998.??.??"]
[Round "?"]
[White "Badea, Bela"]
[Black "Nanu, Ciprian"]
[Result "1/2-1/2"]
[WhiteElo "2530"]
[BlackElo "2405"]

1.Nf3 d5 2.g3 Nf6 3.Bg2 Bg4 4.c4 c6 5.Ne5 Bf5 6.cxd5 cxd5 7.Nc3 e6 8.g4 Bg6
9.h4 h6 10.Nxg6 fxg6 11.g5 hxg5 12.hxg5 Rxh1+ 13.Bxh1 Qc7 14.e3 Qh2 15.Qf3 Qg1+
16.Ke2 Qxg5 17.Nb5 Kd7 18.b3 Nc6 19.Bb2 Be7 20.Qg2 Qh5+ 21.f3 Rh8 22.Qg3 Qh2+
23.Qf2 Qxf2+ 24.Kxf2 a6 25.Nd4 Nb4 26.Bc3 e5 27.Ne2 Nd3+ 28.Kg1 Bb4 29.Bg2 Kd6
30.Bf1 Bxc3 31.dxc3 e4 32.Ng3 Ne5 33.fxe4 Nf3+ 34.Kf2 dxe4 35.Nxe4+ Nxe4+
36.Kxf3 Nxc3 37.Bg2 Ke5 38.Rc1  1/2-1/2

[Event "Bucharest Fest GM"]
[Site "Bucharest"]
[Date "1998.??.??"]
[Round "?"]
[White "Badea, Bela"]
[Black "Moldovan, Daniel"]
[Result "1/2-1/2"]
[WhiteElo "2530"]
[BlackElo "2455"]

1.Nf3 d5 2.g3 c6 3.Bg2 Bg4 4.O-O Nd7 5.d4 Ngf6 6.Nbd2 e6 7.Re1 Be7 8.e4 dxe4
9.Nxe4 Nxe4 10.Rxe4 Nf6 11.Re1 O-O 12.c3 Qa5 13.Qb3  1/2-1/2

[Event "Bucharest Fest GM"]
[Site "Bucharest"]
[Date "1998.??.??"]
[Round "?"]
[White "Badea, Bela"]
[Black "Marjanovic, Slavoljub"]
[Result "1/2-1/2"]
[WhiteElo "2530"]
[BlackElo "2460"]

1.Nf3 d5 2.g3 c5 3.Bg2 Nc6 4.d4 e6 5.O-O Nf6 6.c4 dxc4 7.Qa4 Bd7 8.Qxc4 b5
9.Qd3 Rc8 10.dxc5 Bxc5 11.Nc3 a6 12.Bg5 h6 13.Bxf6 gxf6 14.Rad1 Be7 15.Rd2 Nb8
16.Ne4 Qb6 17.g4 Kf8 18.Ng3 Rc4 19.h3 Bc6 20.b3 Rc5 21.Qe3 Qc7 22.Rfd1 b4
23.Ne4 Bxe4 24.Qxe4 Rc1 25.e3 Kg7 26.Bf1 Rxd1 27.Rxd1 h5 28.gxh5 a5 29.Be2 Nd7
30.Kh1 f5 31.Qd4+ Nf6 32.Rg1+ Kf8 33.Ne5 Rh7 34.Bf3 Qc5 35.Qxc5 Bxc5 36.Rc1 Be7
37.Rc8+ Kg7 38.Ra8 Nxh5 39.Ra7 Nf6 40.Nd3 Ng8  1/2-1/2

[Event "Bucharest Fest GM (Women)"]
[Site "Bucharest"]
[Date "1998.??.??"]
[Round "?"]
[White "Petrenko, Svetlana"]
[Black "Sasu Ducsoara, Andrea"]
[Result "0-1"]
[WhiteElo "2245"]
[BlackElo "2185"]

1.Nf3 d5 2.g3 c5 3.Bg2 Nc6 4.d4 Nf6 5.O-O e6 6.b3 Be7 7.Bb2 b5 8.e3 Rb8 9.Ne5 Qb6
10.Nd2 O-O 11.c4 Ba6 12.dxc5 Qxc5 13.cxd5 Nxe5 14.Bxe5 Rbd8 15.Bd4 Qa3 16.dxe6 fxe6
17.Nb1 Qa5 18.a3 e5 19.b4 Qa4 20.Qe2 exd4 21.exd4 Rf7 22.Qa2 Bc8 23.Qd2 Qc2
24.Bh3 Qxd2 25.Nxd2  0-1

[Event "Bucharest Fest IM (Women)"]
[Site "Bucharest"]
[Date "1998.??.??"]
[Round "?"]
[White "Calotescu, Cristina"]
[Black "Grigorieva, Angela"]
[Result "1-0"]
[WhiteElo "2180"]
[BlackElo "2155"]

1.Nf3 d5 2.g3 c6 3.Bg2 Bg4 4.Ne5 Bh5 5.d4 Nd7 6.b3 Nxe5 7.dxe5 e6 8.Bb2 Qa5+
9.Nd2 b5 10.O-O Bb4 11.Nf3 Bxf3 12.Bxf3 Bc3 13.Qc1 Ne7 14.a3 O-O 15.Bg2 c5
16.a4 Bxb2 17.Qxb2 b4 18.e4 c4 19.exd5 c3 20.Qc1 Nxd5 21.Qg5 Rad8 22.Rad1 Qc5
23.Rd3 Ne7 24.Rfd1 Rxd3 25.Rxd3 Ng6 26.Re3 f5 27.Bf1 Nxe5 28.Qf4 Ng6 29.Qc4 Qxc4
30.Bxc4 Rd8 31.Bxe6+ Kf8 32.Bxf5 Ne7 33.Be4 Nc8 34.Bxh7 Nb6 35.Rf3+ Ke7 36.Bg6 Rd1+
37.Kg2 Ke6 38.Rf7 Nd7 39.Rxg7 Rd2 40.h4 Ne5 41.Bh7 Kf6 42.Rg5 Kf7 43.h5 a6
44.h6 Rd8 45.Rg6  1-0

[Event "Bucharest Fest IM (Women)"]
[Site "Bucharest"]
[Date "1998.??.??"]
[Round "?"]
[White "Calotescu, Cristina"]
[Black "Duminica, Mariana"]
[Result "0-1"]
[WhiteElo "2180"]
[BlackElo "2095"]

1.Nf3 d5 2.g3 Bf5 3.Bg2 Nd7 4.d4 e6 5.O-O Ngf6 6.b3 c6 7.Bb2 h6 8.Nbd2 Bd6
9.Ne5 c5 10.Nxd7 Qxd7 11.c4 O-O 12.dxc5 Bxc5 13.cxd5 exd5 14.Rc1 Rae8 15.Nf3 Ne4
16.e3 Rd8 17.Nd4 Bh3 18.Qd3 a6 19.Rfd1 Be7 20.Bxe4 dxe4 21.Qxe4 Bf6 22.Rc8 Rxc8
23.Rc1 Rxc1+ 24.Bxc1 Bxd4 25.exd4 Qb5 26.Qe1 Qd5  0-1

[Event "Primavara"]
[Site "Bucharest"]
[Date "1998.??.??"]
[Round "1"]
[White "Svetushkin, Dmitry"]
[Black "Berezin, Oleg"]
[Result "1-0"]
[WhiteElo "2415"]
[BlackElo "2455"]

1.g3 d5 2.Nf3 c6 3.Bg2 Bg4 4.O-O Nd7 5.d3 e6 6.Nbd2 Bd6 7.e4 Ne7 8.b3 O-O
9.Bb2 a5 10.a3 b5 11.Qe2 Rb8 12.Qe3 Bh5 13.h4 Bg6 14.Rfe1 Kh8 15.h5 Bc5 16.d4 dxe4
17.dxc5 exf3 18.hxg6 Nd5 19.Qxf3 Qg5 20.Qd3 hxg6 21.Bxd5 exd5 22.Nf3 Qh5
23.Kg2 Kg8 24.Rh1 Nxc5 25.Qe3  1-0

[Event "Primavara"]
[Site "Bucharest"]
[Date "1998.??.??"]
[Round "1"]
[White "Badea, Bela"]
[Black "Sanduleac, Vasile"]
[Result "1/2-1/2"]
[WhiteElo "2545"]
[BlackElo "2450"]

1.Nf3 d5 2.g3 c6 3.Bg2 Bg4 4.O-O Nd7 5.d4 e6 6.Nbd2 Ngf6 7.c4 Be7 8.b3 Bxf3
9.Bxf3 O-O 10.e4 dxe4 11.Nxe4 Nxe4 12.Bxe4 Bf6 13.Be3 Qc7 14.Qc2 g6 15.Rad1 Nb6
16.Rd3 Rad8 17.Rfd1 Nc8 18.R3d2 Nd6 19.d5 exd5 20.cxd5 c5 21.Bd3 b6 22.Bf4 Qd7
23.a4  1/2-1/2

[Event "Primavara"]
[Site "Bucharest"]
[Date "1998.??.??"]
[Round "5"]
[White "Badea, Bela"]
[Black "Marianovici, S."]
[Result "1/2-1/2"]
[WhiteElo "2545"]
[BlackElo "2420"]

1.Nf3 d5 2.g3 g6 3.Bg2 Bg7 4.d4 Nf6 5.O-O O-O 6.c4 Nc6 7.cxd5 Nxd5 8.e4 Nb6
9.d5 Na5 10.Qe1 Nac4 11.Nc3 e6 12.b3 Qf6 13.bxc4 Qxc3 14.Qxc3 Bxc3 15.Rb1 Nxc4
16.Bh6 Bg7 17.Bxg7 Kxg7 18.dxe6 Bxe6 19.Rxb7 Nd6 20.Rxc7 Rfc8 21.Rxc8 Rxc8
22.Nd4 Bxa2 23.Ra1 Rc4 24.Rxa2 Rxd4 25.f3 Nc4 26.Rxa7 Rd1+ 27.Kf2 Rd2+ 28.Kg1 Rd1+  1/2-1/2

[Event "Primavara"]
[Site "Bucharest"]
[Date "1998.??.??"]
[Round "12"]
[White "Badea, Bela"]
[Black "Berezin, Oleg"]
[Result "1-0"]
[WhiteElo "2545"]
[BlackElo "2455"]

1.Nf3 d5 2.g3 c6 3.Bg2 Bg4 4.b3 e6 5.Bb2 Nd7 6.O-O Ngf6 7.d4 Bd6 8.Nbd2 Qb8
9.Re1 O-O 10.e4 dxe4 11.Nxe4 Nxe4 12.Rxe4 Bh5 13.Qd2 Rd8 14.Ree1 Bf8 15.Qe3 a5
16.a3 Qc7 17.c4 Qb6 18.Nd2 e5 19.Qg5 Bg6 20.dxe5 Bc5 21.Kh1 Nf8 22.Ne4 Bxe4
23.Bxe4 Bd4 24.Bxd4 Rxd4 25.Qe3 Ne6 26.b4 axb4 27.axb4 Re8 28.Rab1 Qc7 29.c5 Rdd8
30.f4 g6 31.Rbd1 b6 32.cxb6 Qb7 33.b5  1-0

[Event "Ciocaltea mem"]
[Site "Bucharest"]
[Date "1998.??.??"]
[Round "12"]
[White "Badea, Bela"]
[Black "Iordachescu, Viorel"]
[Result "1/2-1/2"]
[WhiteElo "2545"]
[BlackElo "2520"]

1.Nf3 d5 2.g3 c6 3.Bg2 Bg4 4.O-O Nd7 5.d4 e6 6.Nbd2 Ngf6 7.c4 Be7 8.b3 O-O
9.Bb2 a5 10.a4 Bb4 11.Ne1 Re8 12.Nd3 Bd6 13.Nf3 h6 14.Nfe5 Bf5 15.f3 Bh7
16.Rc1 Qe7 17.Nxd7 Nxd7 18.e4 dxe4 19.fxe4 e5 20.d5 Nc5 21.Nxc5 Bxc5+ 22.Kh1  1/2-1/2

[Event "Budapest FS09 IM-B"]
[Site "Budapest"]
[Date "1998.??.??"]
[Round "1"]
[White "Eperjesi, Laszlo"]
[Black "Farago, Sandor"]
[Result "1/2-1/2"]
[WhiteElo "2305"]
[BlackElo "2335"]

1.Nf3 d5 2.g3 c6 3.Bg2 Bg4 4.O-O Nd7 5.d3 e6 6.Nbd2 Ngf6 7.b3 Be7 8.Bb2 O-O
9.c4 a5 10.a3 Qb8 11.Rc1 Rc8  1/2-1/2

[Event "Budapest Nyar op"]
[Site "Budapest"]
[Date "1998.??.??"]
[Round "3"]
[White "Vukovic, Ivo"]
[Black "Lengyel, Bela"]
[Result "1/2-1/2"]
[WhiteElo "2320"]
[BlackElo "2385"]

1.Nf3 d5 2.g3 Nf6 3.Bg2 Bf5 4.O-O e6 5.b3 c6 6.Bb2 h6 7.d3 Nbd7 8.Nbd2 Bc5
9.c4 O-O 10.a3 a5 11.Qc1 Qb6 12.Qc3 Rfd8 13.Rac1 Bh7 14.Rb1 Ra6 15.h3 Raa8
16.Rbd1 Bf8 17.Qc1 Rdc8 18.Qa1 Qd8 19.Rc1 Be7 20.Rc2 Qf8 21.Rfc1 Re8 22.Bf1 Bd6
23.cxd5 exd5 24.Nb1 Re7 25.Qa2 Qb8 26.Bg2 Qa7 27.Bd4 c5 28.Ba1 Rae8 29.Nc3 Qa6
30.Qb2 d4 31.Nb1 b6 32.Rf1 Nf8 33.Rd2 Bf5 34.Rc2 Ne6 35.Nbd2 Ng5 36.Nxg5 hxg5
37.Nc4 Bc7 38.b4 axb4 39.axb4 Bd7 40.bxc5 bxc5 41.Qa3 Qxa3 42.Nxa3 Rxe2 43.Rxc5 Bd6
44.Ra5 Bb4 45.Ra7 Rd2 46.Bxd4 Bf5 47.Be3 Rxe3 48.fxe3 Bxd3 49.Rf2 Rd1+ 50.Kh2 g4
51.Nc2 Bd6 52.Ra1 Rxa1 53.Nxa1 Nh5 54.hxg4 Bxg3+ 55.Kg1 Bxf2+ 56.Kxf2 Nf6
57.Bf3 Kh7 58.Nb3 Kh6 59.Nd4 Kg5 60.Kg3 Bc4 61.Nf5 g6 62.Nd6 Be6 63.Bd1 Kh6
64.Bf3 g5 65.Be2 Kg7 66.Bc4 Bxc4 67.Nxc4 Nd7 68.Nd6 Nc5 69.Kf3 Kf6 70.Nb5 Nd3
71.Nd4 Ne5+ 72.Kg3 Ke7 73.Nf5+ Ke6 74.Ng7+ Kd5 75.Ne8 Ke4 76.Nf6+ Kxe3 77.Nd5+ Ke2
78.Nf6 Ke3 79.Nd5+ Kd3 80.Nf6 Ke2 81.Ne4 Nf3 82.Nd6  1/2-1/2

[Event "Budapest FS07 IM-A"]
[Site "Budapest"]
[Date "1998.??.??"]
[Round "7"]
[White "Kaid, Almar"]
[Black "Barvin, Konstantin"]
[Result "0-1"]
[WhiteElo "2210"]
[BlackElo "2315"]

1.Nf3 d5 2.g3 e6 3.Bg2 Be7 4.O-O Nf6 5.c4 O-O 6.d4 dxc4 7.Qc2 a6 8.Qxc4 Nbd7
9.a4 c5 10.Qc2 Qb6 11.Na3 cxd4 12.Nc4 Qc7 13.Bf4 Qc5 14.b4 Qxb4 15.Nxd4 Qc5
16.Nb3 Qh5 17.h3 Nd5 18.Bd6 Bxd6 19.Nxd6 Qe5 20.Ne4 N7f6 21.Nbc5 Nxe4 22.Bxe4 g6
23.Bf3 Rb8 24.e4 Nb4 25.Qc4 a5 26.Nd3 Nxd3 27.Qxd3 b5 28.axb5 Rxb5 29.Rfb1 Ba6
30.Rxb5 Qxa1+ 31.Rb1 Bxd3 32.Rxa1 Ra8 33.Ra3 Bb5 34.Rb3 Bc6 35.Rc3 Bb5 36.Rb3 Bd7
37.Rd3 Be8 38.Ra3 Kf8 39.Kf1 Ke7 40.Ke2 a4 41.Kd2 Rd8+ 42.Ke3 Rb8 43.Bd1 e5
44.f4 f6 45.g4 Rb4 46.fxe5 fxe5 47.Rc3 Bd7 48.Rc5 Rb5 49.Rc3 Ra5 50.Ra3 Ra8
51.Bc2 g5 52.Bd1 Kd6 53.Kd2 Bc6 54.Kc3 Rf8  0-1

[Event "Budapest Nyar-A"]
[Site "Budapest"]
[Date "1998.??.??"]
[Round "8"]
[White "Vajda, Levente"]
[Black "Acs, Peter"]
[Result "0-1"]
[WhiteElo "2480"]
[BlackElo "2500"]

1.Nf3 d5 2.g3 Nf6 3.Bg2 c6 4.O-O Bg4 5.d3 Nbd7 6.h3 Bh5 7.Nbd2 e6 8.Qe1 Be7
9.e4 O-O 10.Nh2 dxe4 11.dxe4 e5 12.f4 exf4 13.gxf4 Re8 14.Kh1 Nc5 15.e5 Nd5
16.Ne4 f5 17.Nxc5 Bxc5 18.a3 a5 19.c4 Nc7 20.Be3 Qe7 21.Rf2 Ne6 22.Nf1 Red8
23.Ng3 Bg6 24.Bxc5 Qxc5 25.Rc1 Rd3 26.Kh2 Rad8 27.Ne2 Rd2 28.b4 axb4 29.axb4 Qxb4
30.Rc2 Qc5 31.Rxd2 Rxd2 32.Qxd2 Qxf2 33.Qd6 Bf7 34.Qb8+ Nf8 35.e6 Bxe6 36.Ng3 g6
37.Qxb7 Qxf4 38.Qxc6 Qxc4 39.Qd6 Kf7 40.Nf1 Nd7 41.Nd2 Qc5 42.Qd3 Qe5+ 43.Kh1 Nc5
44.Qd8 Qg3 45.Nf3 Ne4 46.h4 h6 47.Qh8 Nf2+ 48.Kg1 Ng4 49.Qh7+ Kf6 50.h5 Ne3
51.Qh8+ Ke7 52.Qg7+ Bf7  0-1